[Event "HCL-C4049"]
[Site "www.playchess.de"]
[Date "2006.01.31"]
[Round "5"]
[White "valpa"]
[Black "epenz"]
[WhiteElo "1069"]
[BlackElo "993"]
[PlyCount "97"]
[Result "1-0"]

1.b4 {Hi}  e5 2.Bb2 d6 3.e3 Nf6 4.Nf3 Be7 5.Be2 
O-O 6.O-O Be6 7.c4 a6 8.a4 b6 9.b5 a5 10.d4 e4 
11.Nfd2 c5 12.dxc5 dxc5 13.Bxf6 Bxf6 14.Ra3 Qc7 
15.Nxe4 Be5 16.g3 Bh3 17.Re1 Re8 18.Ng5 Bf5 19.Bf3 
Ra7 20.Bg2 h6 21.Nf3 Qc8 22.Nxe5 Rxe5 23.Rd3 Nd7 
24.Rd2 Nf6 25.Rd8+ Qxd8 26.Qxd8+ Re8 27.Qxb6 Raa8 
28.Qxc5 Be4 29.Bxe4 Nxe4 30.Qd4 Rad8 31.Qb2 Rdb8 
32.Nd2 Nd6 33.Nf3 Nxc4 34.Qe2 Nb6 35.Qa2 Rbc8 
36.Rd1 Re6 37.Kg2 Kh7 38.Nd4 Re7 39.Nc6 Rb7 40.Ne5 
f6 41.Nf3 g5 42.Qe6 Rf8 43.Nd4 Nxa4 44.Ra1 Nc5 
45.Qf5+ Kg7 46.Qxc5 Rff7 47.Rxa5 Rfc7 48.Ne6+ Kg6 
{schoen gespielt...}  49.Nxc7 1-0